| 000 | 00530nam a22001937a 4500 | ||
|---|---|---|---|
| 003 | KOHA_MİRAKIL | ||
| 005 | 20251124104718.0 | ||
| 008 | 251124b tu ||||| |||| 00| 0 tur d | ||
| 020 | _a9786055222871 | ||
| 040 |
_aTR-AnABB _btur _cTR-AnABB |
||
| 041 | _atur | ||
| 082 |
_a306.01 _bSUB 2022 |
||
| 100 | 1 | _aSubaşı, Necdet, | |
| 245 | 1 | 0 |
_aDerdimiz hayat / _cNecdet Subaşı |
| 260 |
_aİstanbul : _bMahya Yayınları, _c2022 |
||
| 300 |
_a137 sayfa ; _c23 cm |
||
| 650 | 0 | 4 | _aTürk edebiyatı, roman |
| 942 |
_2ddc _cBK |
||
| 999 |
_c9589 _d9589 |
||
| 900 | _bGizem YORULMAZ | ||